Statistics for Global Cities Where a Majority Speak English

Click here to take the quiz!

General Stats

  • This quiz has been taken 79 times
  • The average score is 15 of 23

Answer Stats

Answer% Correct
London
97%
New York
97%
Los Angeles
96%
Sydney
95%
Toronto
93%
Chicago
92%
Melbourne
88%
San Francisco
78%
Singapore
78%
Dublin
76%
Boston
74%
Montreal
66%
Hong Kong
57%
Amsterdam
55%
Stockholm
51%
Dubai
46%
Kuala Lumpur
42%
Manila
39%
Frankfurt
38%
Munich
38%
Vienna
31%
Zurich
31%
Luxembourg
11%

Score Distribution

Percentile by Number Answered

Percent of People with Each Score

Your Score History

You have not taken this quiz